Score 0/40 Timer 20:00
0 Plays Today
Question Answer Wrong Answers
Who wrote the Harry Potter series? J. K. Rowling
92.4%
Suzanne Collins
0.5%
Veronica Roth
0.5%
Ally Condie
0.2%
Who is the father of evolution? Charles Darwin
86.7%
John Dalton
2%
Albert Einstein
4.4%
Robert Hooke
0.7%
Which country gifted the U.S. the Statue of Liberty? France
86%
Germany
1.5%
Canada
2.7%
Great Britain
3.4%
The Watergate Scandal forced which U.S. President to resign? Nixon
85.3%
Ford
2%
Eisenhower
4.4%
Obama
1.5%
On which continent is the Sahara Desert? Africa
81.8%
Australia
0.5%
Asia
8.1%
South America
2.9%
Which city is known as 'the windy city'? Chicago
78.6%
San Francisco
5.4%
New York
1%
Seattle
10.1%
What was the one large land mass that the continents split from millions of years ago? Pangea
76.9%
Pandora
8.1%
Laurasia
3.4%
Panthalassa
5.2%
In which country did golf originate? Scotland
76.4%
France
3.7%
Switzerland
7.1%
Austria
6.9%
Who wrote 'Mein Kampf' Adolf Hitler
74.7%
Roald Dahl
5.4%
Joseph Stalin
6.1%
Hermann Hesse
6.1%
Which is the most populated country in the world? China
71.3%
India
17.4%
United States
3.4%
Brazil
1%
What is the capital of Puerto Rico? San Juan
71.3%
Santo Domingo
15.7%
Havana
5.7%
Mexico City
1.5%
Who wrote 'The Iliad'? Homer
70%
Shakespeare
5.9%
Aristotle
12%
Hippocrates
5.4%
Which large animal can swim but not jump? Elephant
68.1%
Giraffe
11.5%
Wildebeast
7.4%
Camel
6.1%
How many pairs of chromosomes are there in a human somatic cell? 23
68.1%
46
17.7%
92
4.2%
1
3.9%
Which is measured in amperes? electric current
67.8%
power
12.8%
density
5.2%
light
7.9%
What is the process of splitting atoms called? Fission
67.1%
Fusion
17.4%
Plasming
2.5%
Atomism
5.4%
What did Little Jack Horner pull out of his Christmas pie? Plum
66.6%
Mouse
9.1%
Penny
12.5%
Corner
4.4%
Which Poker hand consists of a pair and three of a kind? Full House
61.9%
Flush
14.7%
Royal Flush
10.3%
Straight
5.7%
Which is the most used letter in the English language? E
61.9%
A
18.4%
S
8.8%
T
4.2%
What sense would you not have if you were anosmic? Smell
60.9%
Sight
5.4%
Taste
16.7%
Touch
11.3%
Which facial feature is the Mona Lisa missing? Eyebrows
60.4%
Eyelashes
19.2%
A bottom lip
6.9%
Ears
7.9%
What is the most common first name in the world? Muhammad
59%
Zhang
2.2%
John
29%
Noah
2.2%
Which is the world's highest waterfall? Angel Falls
55.3%
Niagra Falls
30.2%
Grande Falls
5.2%
DeSoto Falls
3.7%
Which district is Katniss Everdeen from in The Hunger Games? 12
52.3%
13
24.1%
8
12.8%
1
3.9%
What is the technical name for earwax? Cerumen
51.4%
Mucus
6.1%
Ossicle
12.3%
Emunis
25.3%
What is July's gemstone? Ruby
48.2%
Topaz
18.9%
Diamond
9.6%
Opal
17.4%
Who is the Roman god of War? Mars
47.7%
Ares
31.2%
Pluto
2.9%
Apollo
12%
What's is Linus and Lucy's last name in the 'Peanuts' comics? Van Pelt
45.5%
Brown
21.9%
Jean
6.4%
Schulz
20.6%
What is the atomic number for oxygen? 8
45%
15
5.2%
2
33.7%
4
10.8%
How many sides does a dodecagon have 12
44.2%
10
10.1%
20
28%
200
11.8%
Which was on the air first? NBC
42.8%
MTV
6.9%
ABC
29.7%
CNN
14.7%
What was the highest temperature ever recorded? 136 F
42.3%
129 F
13.3%
130 F
8.4%
147 F
30.7%
How many points is the letter 'k' worth in a game of Scrabble? 5
42.3%
3
13%
8
18.2%
4
20.6%
Which year did Hurricane Katrina occur in? 2005
39.1%
2006
19.7%
2003
10.6%
2008
23.3%
Which is the longest river in the world? Amazon
37.1%
Congo
1.5%
Nile
51.8%
Mississippi
2.9%
Which planet is Earth the closest size to? Venus
37.1%
Mars
41.3%
Neptune
5.4%
Mercury
10.3%
Who invented writing? Sumerians
36.6%
Egyptians
29.2%
Mayans
12%
Chinese
15%
Which is known as the fear of wealth? Plutophobia
30%
Trypanophobia
27.3%
Anthropophobia
16.5%
Thalassophobia
20.4%
Which of the following countries is not available on 'bird's eye view' on Google Earth? Greece
24.8%
Japan
29.7%
France
3.9%
New Zealand
35.6%
How many official Jelly Belly flavours are there? 40
22.1%
52
23.3%
36
22.9%
64
25.3%
Remove Ads.
Support Sporcle.
Get the best of Sporcle when you Go Orange. This ad-free experience offers more features, more stats, and more fun while also helping to support Sporcle. Thank you for becoming a member.

You're not logged in!

Compare scores with friends on all Sporcle quizzes.
OR
Log In

Sporcle TV

Today on Sporcle TV


Watch our educational content, quiz creation guides, and fun videos on Sporcle TV.

Show Comments

Extras

Created Nov 18, 2017ReportNominate
Tags:Trivia

Top Quizzes Today


Score Distribution

Paid Content

Your Account Isn't Verified!

In order to create a playlist on Sporcle, you need to verify the email address you used during registration. Go to your Sporcle Settings to finish the process.

Report this User

Report this user for behavior that violates our Community Guidelines.

Details: